MARC

LEADER 00000nas a2200000 a 4500
001 ssj0015033
003 WaSeSS
005 20200512172242.0
006 m d
007 cr n
008 000323c20009999enkbr pss b 0 a0eng c
010 |a  00253518  
015 |a GBB005593  |2 bnb 
016 |a (AMICUS)000024796333 
016 7 |a 015463870  |2 Uk 
016 7 |a 2024930-5  |2 DE-600 
022 |a 1758-6739  |l 1467-6370  |y 1467-6370 
035 |a (WaSeSS)ssj0015033 
037 |b MCB University Press Limited, 60/62 Toller Lane, Bradford, West Yorkshire, England BD8 9BY 
040 |a NHM  |b eng  |e pn  |c NHM  |d WAU  |d OCLCQ  |d IUL  |d CLU  |d OCLCQ  |d F#A  |d OCLCQ  |d OCL  |d GUA  |d OCLCQ  |d OCLCO  |d BEDGE  |d OCLCO  |d OCLCQ  |d DLC  |d NLE  |d NLC  |d OCLCQ  |d OCLCF  |d UKMGB  |d VT2  |d SFB  |d WaSeSS 
042 |a pcc 
050 0 0 |a LB2324 
082 0 4 |a 378 
130 0 |a International journal of sustainability in higher education (Online) 
222 0 |a International journal of sustainability in higher education  |b (Online) 
245 1 0 |a International journal of sustainability in higher education  |h [electronic resource]. 
246 3 0 |a Sustainability in higher education 
260 |3 2000- :  |a Bradford, England :  |b MCB University Press,  |c 2000- 
260 3 |3 <2006-> :  |a Bradford, United Kingdom :  |b Emerald Group Publishing Ltd. 
310 |a Six issues a year,  |b 2016- 
321 |a Four issues a year,  |b 2001-2014 
321 |a Three issues a year,  |b 2000- 
362 0 |a Vol. 1, issue 1 (2000)- 
500 |a Title from journal home page (Emerald, viewed July 31, 2003). 
506 |a License restrictions may limit access. 
538 |a Mode of access: World Wide Web. 
550 |a Published in conjunction with: University Leaders for a Sustainable Future. 
588 |a Latest issue consulted: Vol. 18, issue 3 (2017) (Emerald Insight website, viewed Feb. 8, 2017). 
650 0 |a Universities and colleges  |x Environmental aspects  |v Periodicals. 
650 0 |a Education, Higher  |x Environmental aspects  |v Periodicals. 
650 0 |a Sustainable development  |v Periodicals. 
650 0 |a Environmental management  |v Periodicals. 
650 7 |a Publications périodiques.  |2 eclas 
650 7 |a Enseignement supérieur.  |2 eclas 
650 7 |a Gestion de l'environnement.  |2 eclas 
650 7 |a Développement durable.  |2 eclas 
650 7 |a Environmental management.  |2 fast  |0 (OCoLC)fst00913186 
650 7 |a Sustainable development.  |2 fast  |0 (OCoLC)fst01139731 
650 7 |a Universities and colleges  |x Environmental aspects.  |2 fast  |0 (OCoLC)fst01161728 
655 0 |a Electronic journals. 
710 2 |a University Leaders for a Sustainable Future. 
710 2 |a MCB University Press. 
776 0 8 |i Also issued in print:  |t International journal of sustainability in higher education  |x 1467-6370  |w (DLC) 00235204  |w (OCoLC)44000707 
850 |a DLC 
853 2 0 |8 1  |a v.  |b no.  |u 4  |v r  |i (year)  |w 4 
856 4 0 |z Full text available from Research Library: 01/01/2000 to 1 year ago  |u https://search.proquest.com/publication/25620 
863 4 1 |8 1.1  |a 2  |b 1  |i 2001